| 000 | 01027nam a2200241Ia 4500 | ||
|---|---|---|---|
| 003 | Ost | ||
| 005 | 20260507075557.0 | ||
| 008 | 260507s9999||||xx |||||||||||||| ||und|| | ||
| 020 | _a9957160974 | ||
| 040 | _cfsecg | ||
| 041 | _aara | ||
| 082 | _a330 | ||
| 100 |
_aالفتلاوي، سهيل حسين _eمؤلف |
||
| 245 | 0 |
_aمنظمة التجارة العالمية / _c سهيل حسين الفتلاوي |
|
| 260 |
_aعمان: _bدار الثقافة للنسر والتوزيع, _c2006 |
||
| 300 |
_a352 صفحة؛ _c24 سم |
||
| 504 | _aالمراجع ص.345 (اقتناءات 2014 ن1) | ||
| 520 | _a-التنظيم القانوني لمنظمة التجارة العالمية ،أهداف منظمة التجارة العالمية ومبادئها ،التحديات التي تواجه منظمة التجارة العالمية. | ||
| 653 | _aالتجارة الخارجية | ||
| 653 | _aالمنظمات الدولية | ||
| 653 | _aمنظمة التجارة العالمية | ||
| 942 | _cكتاب | ||
| 999 |
_c44970 _d44970 |
||